Statystyki dla Kolejność w Eurowizji juniorskiej w 2016 roku

Kliknij tutaj aby rozwiązać quiz!

Ogólne statystyki

  • Ten quiz został rozwiązany 42 razy
  • Średni wynik to 9 z 17

Statystyki odpowiedzi

MiejsceLiczba punktówOdpowiedź% Poprawnych
1160Polska
93%
4202Rosja
76%
1430Ukraina
62%
1239Gruzja
59%
8174Holandia
55%
3209Włochy
55%
2232Armenia
55%
1714Serbia
52%
4202Australia
48%
7177Białoruś
45%
10122Irlandia
45%
6191Malta
45%
1338Albania
45%
1241Macedonia
38%
1527Cypr
38%
1527Izrael
34%
9161Bułgaria
34%

Rozkład punktacji

Percentyl według liczby udzielonych odpowiedzi

Procent ludzi z każdym wynikiem

Twoja historia wyników

Nie rozwiązałeś tego quizu